Aprender a comunicarse en las organizaciones

Enregistré dans:
Détails bibliographiques
Auteur principal: Saló, Núria (Auteur)
Format: Livre
Langue:espagnol
Publié: Barcelona Paidós 2005
Collection:Paidos Aprender, 19
Sujets:
Tags: Ajouter un tag
Pas de tags, Soyez le premier à ajouter un tag!

MARC

LEADER 00000nam a2200000 a 4500
001 UCI1810
003 CL-VaPUC
008 070720e20050000SP |||||||||||||||||spa|d
020 |a 8449317711 
082 0 4 |a 658.45  |b SAL  |2 21 
100 0 |a Saló, Núria  |e author  |9 522540 
245 1 0 |a Aprender a comunicarse en las organizaciones 
300 |a 122 p 
942 |c BK 
945 |d 20070720 00:00:00  |a rbrito 
260 |a Barcelona  |b Paidós  |c 2005 
650 0 |a Comunicación   |9 257251 
650 0 |a Empresas   |9 255569 
650 0 |a Medios de comunicación de masas  |9 257273 
650 0 |a Transferencia de información   |9 335933 
650 0 |a Comunicación de las ideas   |9 335523 
650 7 |a COMUNICACION DE MASAS  |2 CL-VaPUC  |9 334823 
650 7 |a GESTION DE INFORMACION  |2 CL-VaPUC  |9 522541 
583 |a last modification  |c 20070720 00:00:00  |k Rodrigo Vera 
490 0 |a Paidos Aprender, 19 
999 |c 326544  |d 326542 
952 |0 0  |1 0  |4 0  |6 658_450000000000000_SAL_2005  |7 0  |8 A  |9 408470  |a BIBCUR  |b BIBCUR  |d 2019-11-22  |i 4358899  |l 2  |m 1  |o 658.45 SAL 2005  |p 4358899  |r 2025-04-22  |s 2023-06-23  |w 2019-11-22  |y BK  |k PER 
952 |0 0  |1 0  |4 0  |6 658_450000000000000_SAL_2005  |7 0  |8 A  |9 408471  |a BIBCUR  |b BIBCUR  |d 2019-11-22  |i 4668774  |o 658.45 SAL 2005  |p 4668774  |r 2025-04-22  |w 2019-11-22  |y BK  |k MGC